| 000 | 00538nam a2200157Ia 4500 | ||
|---|---|---|---|
| 008 | 210428s9999 xx 000 0 und d | ||
| 020 | _a0-930403-66-5 | ||
| 082 | _a660.04 A498 V | ||
| 100 |
_aDennis M. Bushnell _952159 |
||
| 245 | 0 |
_aViscous Drag Reduction In Boundary Layers / _cDennis M. Bushnell |
|
| 260 |
_bAmerican Institute of Aeronautics and Astronautics _aWashington, DC _c1990 |
||
| 300 | _a517p | ||
| 440 |
_aProgress in astronautics and aeronautics V-123 _9127166 |
||
| 700 |
_aJerry N. Hefner _9127167 |
||
| 942 |
_cBK _2ddc |
||
| 999 |
_c559925 _d559925 |
||